Closure procedures for Scottish landfill sites (Record no. 72907)

MARC details
000 -LEADER
fixed length control field 01105cam a2200217 4500
001 - CONTROL NUMBER
control field WB3924-18
008 - FIXED-LENGTH DATA ELEMENTS--GENERAL INFORMATION
fixed length control field 030624n2003 000 0 eng u
035 ## - SYSTEM CONTROL NUMBER
System control number (Sirsi) u122718
245 ## - TITLE STATEMENT
Title Closure procedures for Scottish landfill sites
260 ## - PUBLICATION, DISTRIBUTION, ETC.
Date of publication, distribution, etc. 2003
490 ## - SERIES STATEMENT
Series statement RICS Minerals and Waste Management Faculty News
Volume/sequential designation 20 June 2003 (1)
520 ## - SUMMARY, ETC.
Summary, etc. The Scottish Environment Protection Agency (SEPA) has published an interim technical guidance note on the closure of Scottish landfill sites. "Closure procedures for landfill sites currently operating under waste management licences" applies to landfill sites described under the Pollution Prevention and Control (Scotland) Regulations 2000 Schedule 1. The guidance is available at http://www.sepa.org.uk/guidance/landfill_directive/closure_procedures.pdf.
590 ## - LOCAL NOTE (RLIN)
Local note WB
650 ## - SUBJECT ADDED ENTRY--TOPICAL TERM
Topical term or geographic name entry element SCOTLAND
650 ## - SUBJECT ADDED ENTRY--TOPICAL TERM
Topical term or geographic name entry element LANDFILL SITES
650 ## - SUBJECT ADDED ENTRY--TOPICAL TERM
Topical term or geographic name entry element POLLUTION CONTROL
650 ## - SUBJECT ADDED ENTRY--TOPICAL TERM
Topical term or geographic name entry element POLLUTION PREVENTION AND CONTROL REGULATIONS 2000
650 ## - SUBJECT ADDED ENTRY--TOPICAL TERM
Topical term or geographic name entry element WASTE MANAGEMENT LICENCES
690 ## - LOCAL SUBJECT ADDED ENTRY--TOPICAL TERM (OCLC, RLIN)
Topical term or geographic name as entry element ENVIRONMENTAL AND LAND CONSULTANCY-WASTE MANAGEMENT
942 ## - ADDED ENTRY ELEMENTS (KOHA)
Suppress in OPAC 0
Holdings
Withdrawn status Lost status Source of classification or shelving scheme Damaged status Not for loan Home library Current library Shelving location Date acquired Total Checkouts Full call number Barcode Date last seen Copy number Price effective from Koha item type
    Dewey Decimal Classification     London London News article 24/06/2003   WB3924-18 122718-1001 06/08/2019 1 06/08/2019 News article